00349nam a2200145Ia 45000030006000000050017000060080041000230400009000640410012000730820017000851000018001022450055001202600019001753000009001940Nust20170105110255.0161124s9999 xx 000 0 und d cIGIS aEnglish a621.382bSKL aBernard Sklar aDigital Communication Fundamentals and Applictions aPakistanc1962 a1080